[Event "Int. Stuttgarter Stadtmeisterschaft B"]
[Site "Ditzingen"]
[Date "2014.05.30"]
[Round "4.4"]
[White "Narr, Matthias"]
[Black "Kozina, Vinko"]
[Result "0-1"]
[WhiteElo "1743"]
[BlackElo "1842"]
[PlyCount "62"]
[EventDate "2014.??.??"]
[WhiteTeam "SR Heuberg-Gosheim"]
[BlackTeam "TSV/RSK Esslingen"]

1. e4 e5 2. f4 exf4 3. Nf3 Be7 4. Bc4 Bh4+ 5. g3 fxg3 6. O-O d5 7. Bxd5 Nh6 8.
d4 c6 9. Bxh6 cxd5 10. Ne5 O-O 11. Qh5 Bf6 12. Bf4 dxe4 13. c3 g6 14. Qe2 Bh3
15. Re1 Bxe5 16. Bxe5 f5 17. Qc4+ Rf7 18. hxg3 Nd7 19. Bf4 g5 20. Bc1 h6 21.
Kh2 Bg4 22. Rf1 Qf6 23. Kg1 Kg7 24. Be3 Qd6 25. Kg2 Nb6 26. Qc5 Qd7 27. Kg1 Nd5
28. Bf2 e3 29. Bxe3 Rc8 30. Qxa7 Nxe3 31. Rf2 Qd6 0-1

[Event "Int. Stuttgarter Stadtmeisterschaft B"]
[Site "Ditzingen"]
[Date "2014.05.30"]
[Round "4.5"]
[White "Lehmann, Stefan"]
[Black "Schreiber, Stephan"]
[Result "0-1"]
[WhiteElo "1866"]
[BlackElo "1779"]
[PlyCount "86"]
[EventDate "2014.??.??"]
[WhiteTeam "Ssg Fils-Lauter e. V."]
[BlackTeam "SC Schachmatt Botnang"]

1. e4 c5 2. Nc3 d6 3. f4 Nf6 4. Nf3 a6 5. d3 e6 6. g3 Be7 7. Bg2 Qc7 8. O-O O-O
9. Qe1 Nc6 10. Ne2 b5 11. Bh3 Bb7 12. g4 Nb4 13. Qd1 c4 14. Nc3 cxd3 15. cxd3
Nd7 16. a3 Nc6 17. Be3 Rac8 18. g5 b4 19. Ne2 bxa3 20. bxa3 Qa5 21. f5 exf5 22.
Bxf5 Rc7 23. h4 f6 24. Bh3 d5 25. Bf4 dxe4 26. Bxc7 Qxc7 27. dxe4 Nde5 28. Nxe5
Nxe5 29. Bg2 Ng4 30. Nf4 Qc5+ 31. Kh1 Nf2+ 32. Rxf2 Qxf2 33. Qg4 Bc8 34. Nh3
Qe3 35. Qf4 Qc3 36. Qc1 Qg3 37. Qe1 Qe5 38. Ng1 Bd6 39. Nf3 Qf4 40. a4 Bg4 41.
Qf2 Qxe4 42. Nd4 Qe5 43. Qg1 Qg3 0-1

[Event "Int. Stuttgarter Stadtmeisterschaft B"]
[Site "Ditzingen"]
[Date "2014.05.30"]
[Round "4.6"]
[White "Sch�mbs, Oliver"]
[Black "Michna, Marcus"]
[Result "1-0"]
[WhiteElo "1864"]
[BlackElo "1774"]
[PlyCount "65"]
[EventDate "2014.??.??"]
[WhiteTeam "SC Ingersheim e.V."]
[BlackTeam "TSF Ditzingen"]

1. c4 c5 2. g3 Nf6 3. Bg2 e6 4. e4 d6 5. Nc3 a6 6. Nge2 Qc7 7. d3 Be7 8. O-O
Nc6 9. a3 Rb8 10. h3 O-O 11. Be3 Rd8 12. f4 b6 13. g4 Nd7 14. g5 b5 15. Ng3 b4
16. Na4 Nb6 17. Nxb6 Rxb6 18. a4 a5 19. b3 Rb8 20. Ra2 Bd7 21. Raf2 Re8 22. Qg4
Kh8 23. Bc1 Nd4 24. Qd1 Rbc8 25. h4 Kg8 26. Bb2 f5 27. gxf6 Bxf6 28. Qg4 Kh8
29. Nh5 Rf8 30. e5 dxe5 31. fxe5 Qxe5 32. Rxf6 gxf6 33. Qg7# 1-0

[Event "Int. Stuttgarter Stadtmeisterschaft B"]
[Site "Ditzingen"]
[Date "2014.05.30"]
[Round "4.7"]
[White "Atasoy, Tarik"]
[Black "Pietzka, Martin"]
[Result "1/2-1/2"]
[WhiteElo "1700"]
[BlackElo "1805"]
[PlyCount "82"]
[EventDate "2014.??.??"]
[WhiteTeam "Schachverein Letmathe 1933 e.V."]
[BlackTeam "SV N�rtingen 1920"]

1. e4 c6 2. d4 d5 3. Nc3 dxe4 4. Nxe4 Bf5 5. Ng3 Bg6 6. Nf3 e6 7. h4 h6 8. h5
Bh7 9. Bd3 Bxd3 10. Qxd3 Nf6 11. c4 c5 12. O-O Be7 13. Bf4 Nc6 14. Rad1 cxd4
15. Qb3 O-O 16. Qxb7 Na5 17. Qb5 a6 18. Qa4 Qb6 19. Rxd4 Rfd8 20. Be3 Qc7 21.
Rc1 Rxd4 22. Bxd4 Rd8 23. Be5 Qb6 24. Qc2 Nb7 25. a3 a5 26. Rd1 Rxd1+ 27. Qxd1
Ng4 28. Bd4 Bc5 29. Qd2 e5 30. Bxc5 Qxc5 31. b3 Nd6 32. Nh2 Nxh2 33. Kxh2 Qxa3
34. Qd5 Qb4 35. c5 Ne8 36. Qxe5 Nf6 37. Qd6 Ng4+ 38. Kh3 Nxf2+ 39. Kh2 Ng4+ 40.
Kh3 Nf2+ 41. Kh2 Ng4+ 1/2-1/2

[Event "Int. Stuttgarter Stadtmeisterschaft B"]
[Site "Ditzingen"]
[Date "2014.05.30"]
[Round "4.8"]
[White "Hornung, Richard"]
[Black "Mavropoulos, Georgios"]
[Result "0-1"]
[WhiteElo "1734"]
[BlackElo "1886"]
[PlyCount "80"]
[EventDate "2014.??.??"]
[WhiteTeam "SG Schwabing M�nchen Nord e.V."]
[BlackTeam "DJK Stuttgart-S�d"]

1. Nf3 c5 2. e3 a6 3. d4 e6 4. Be2 Nf6 5. O-O d5 6. a4 Nc6 7. c3 b6 8. Qc2 Bd6
9. Nbd2 Bb7 10. Ne1 O-O 11. f4 Rc8 12. Nef3 Qc7 13. Ne5 cxd4 14. Nxc6 dxe3 15.
Nd4 exd2 16. Bxd2 Rfe8 17. Qd3 Ne4 18. Be3 e5 19. fxe5 Bxe5 20. Nf3 Bd6 21. Bd4
Bc5 22. Rae1 Rcd8 23. Kh1 Bxd4 24. Nxd4 Qd6 25. Qd1 Qh6 26. Rf3 Bc8 27. Qc1 Qh4
28. Qf4 Qxe1+ 29. Rf1 Qd2 30. Qxf7+ Kh8 31. Nc6 Ng5 32. Qf2 Qxe2 33. Qxe2 Rxe2
34. Nxd8 Re8 35. Nc6 h6 36. Nd4 Kh7 37. h4 Ne4 38. Rf7 Nf6 39. Rc7 Ng4 40. Rc6
Re1# 0-1

[Event "Int. Stuttgarter Stadtmeisterschaft B"]
[Site "Ditzingen"]
[Date "2014.05.30"]
[Round "4.9"]
[White "Ziegler, Michael"]
[Black "Winkler, Tim"]
[Result "1-0"]
[WhiteElo "1722"]
[BlackElo "1827"]
[PlyCount "78"]
[EventDate "2014.??.??"]
[WhiteTeam "SF 59 Kornwestheim"]
[BlackTeam "SF Deizisau"]

1. e4 e5 2. Nf3 Nc6 3. d4 exd4 4. Nxd4 Bc5 5. c3 Qf6 6. Be3 d6 7. Bb5 Bd7 8.
O-O Ne5 9. Bxd7+ Nxd7 10. Nd2 Ne7 11. N2f3 h6 12. Nc2 Bxe3 13. Nxe3 O-O 14. Qc2
Nb6 15. Rad1 Rfe8 16. Nd4 Ng6 17. f3 a6 18. Ng4 Qg5 19. Qf2 Nf4 20. h4 Qg6 21.
Qd2 Ne6 22. Nf5 Nc4 23. Qc1 h5 24. Nf2 Qf6 25. b3 Ne5 26. Nd3 Nxd3 27. Rxd3 g6
28. Qh6 Nc5 29. Rd5 Nd7 30. Ng3 Re5 31. Rxe5 Nxe5 32. Nxh5 Qh8 33. Qxh8+ Kxh8
34. Nf4 Kg7 35. g3 c6 36. Kf2 a5 37. Rd1 Rd8 38. c4 b6 39. g4 f5 1-0

[Event "Int. Stuttgarter Stadtmeisterschaft B"]
[Site "Ditzingen"]
[Date "2014.05.30"]
[Round "4.10"]
[White "Merk, Daniel"]
[Black "Pudmensky, Stefan"]
[Result "1-0"]
[WhiteElo "1677"]
[BlackElo "1829"]
[PlyCount "71"]
[EventDate "2014.??.??"]
[WhiteTeam "Schach-Pinguine Murrhardt e.V."]
[BlackTeam "SF Oeffingen e.V."]

1. d4 Nf6 2. c4 e6 3. Nc3 d5 4. cxd5 exd5 5. Bg5 Be7 6. Qc2 c6 7. e3 O-O 8. Bd3
h6 9. Bxf6 Bxf6 10. h3 Qa5 11. Nf3 c5 12. O-O cxd4 13. Nxd4 Bxd4 14. exd4 Nc6
15. Rad1 Kh8 16. Be2 Ne7 17. Bf3 Be6 18. Rfe1 Rac8 19. Qb3 Rc7 20. Ne2 Bf5 21.
Rc1 Bc2 22. Qe3 Ng6 23. Nc3 Re7 24. Qd2 Rxe1+ 25. Rxe1 Bf5 26. Bxd5 b5 27. a3
b4 28. axb4 Qxb4 29. Be4 Bxe4 30. Nxe4 Rb8 31. Re2 Ne7 32. d5 f5 33. d6 fxe4
34. Qxb4 Rxb4 35. dxe7 Rb8 36. Rd2 1-0

[Event "Int. Stuttgarter Stadtmeisterschaft B"]
[Site "Ditzingen"]
[Date "2014.05.30"]
[Round "4.11"]
[White "Tsybulevsky, Juri"]
[Black "Fais, Sami"]
[Result "0-1"]
[WhiteElo "1676"]
[BlackElo "1827"]
[PlyCount "32"]
[EventDate "2014.??.??"]
[WhiteTeam "Stuttgarter SF 1879"]
[BlackTeam "VfL Sindelfingen"]

1. d4 Nf6 2. c4 e6 3. Nc3 Bb4 4. Bd2 d5 5. e3 O-O 6. a3 Be7 7. Qc2 c5 8. Nf3
cxd4 9. exd4 Nc6 10. Be3 b6 11. b3 Bb7 12. c5 bxc5 13. dxc5 Qa5 14. b4 Nxb4 15.
Qb2 Na6 16. Qxb7 Qxc3+ 0-1

[Event "Int. Stuttgarter Stadtmeisterschaft B"]
[Site "Ditzingen"]
[Date "2014.05.30"]
[Round "4.12"]
[White "Bried, Martin"]
[Black "Zaytsev, Evgeny"]
[Result "1-0"]
[WhiteElo "1820"]
[BlackElo "1736"]
[PlyCount "109"]
[EventDate "2014.??.??"]
[WhiteTeam "SpVgg Rommelshausen"]
[BlackTeam "Stuttgarter SF 1879"]

1. c4 e5 2. Nc3 Nf6 3. g3 d5 4. cxd5 Nxd5 5. Bg2 Nxc3 6. bxc3 Bc5 7. Nf3 Nc6 8.
O-O O-O 9. e3 Bb6 10. d4 Qf6 11. Nd2 exd4 12. cxd4 a5 13. Bb2 Qg6 14. a3 Bg4
15. Qc1 Be2 16. Re1 Bd3 17. Nc4 Bxc4 18. Qxc4 Rad8 19. Rac1 Rd6 20. d5 Ne7 21.
Be5 Rd7 22. e4 Qh5 23. Qc3 Qg6 24. Qb2 Nc8 25. Bh3 Re7 26. Bf5 Qh6 27. Bf4 Qf6
28. Qxf6 gxf6 29. Bxc8 Rxc8 30. d6 Rd7 31. Rc4 c6 32. Rb1 Bd8 33. e5 fxe5 34.
Bxe5 f6 35. Bf4 b5 36. Rxb5 cxb5 37. Rxc8 b4 38. axb4 axb4 39. Rb8 Kf7 40. Rxb4
Ba5 41. Rc4 Ke6 42. Kg2 Kd5 43. Rc7 Ke6 44. Rxd7 Kxd7 45. Kf3 Bb4 46. Kg4 Ke6
47. h3 Bc5 48. Kf3 Bxd6 49. Bxd6 Kxd6 50. Kf4 Ke6 51. f3 Ke7 52. Kf5 Kf7 53. h4
Kg7 54. h5 Kf7 55. f4 1-0

[Event "Int. Stuttgarter Stadtmeisterschaft B"]
[Site "Ditzingen"]
[Date "2014.05.30"]
[Round "4.13"]
[White "Piskaykin, Bogdan"]
[Black "Kobald, Matthias"]
[Result "1-0"]
[WhiteElo "1672"]
[BlackElo "1732"]
[PlyCount "145"]
[EventDate "2014.??.??"]
[WhiteTeam "SV Friedrichshafen"]
[BlackTeam "SV Stuttgart-Wolfbusch 1956 e.V."]

1. Nf3 Nc6 2. d4 d5 3. c4 e6 4. Nc3 Nf6 5. Bg5 Be7 6. e3 h6 7. Bh4 O-O 8. Bd3
dxc4 9. Bxc4 a6 10. a3 b5 11. Bd3 Bb7 12. Bc2 Nh7 13. Qd3 g6 14. Bxe7 Nxe7 15.
h4 h5 16. e4 f5 17. Ne5 Nf6 18. f3 Qd6 19. O-O-O c5 20. exf5 exf5 21. Qe3 cxd4
22. Qxd4 Qxd4 23. Rxd4 Rad8 24. Rhd1 Rxd4 25. Rxd4 Kg7 26. Bb3 Rc8 27. Be6 Rc7
28. Kb1 Nc6 29. Nxc6 Rxc6 30. Bb3 Rc7 31. Ne2 Rd7 32. Kc2 Bd5 33. Bxd5 Rxd5 34.
Rxd5 Nxd5 35. Kd3 Kf6 36. Kd4 Ke6 37. Kc5 Ke5 38. b4 f4 39. Nc1 Ne3 40. Nd3+
Kf5 41. Ne1 Nc4 42. a4 g5 43. axb5 axb5 44. Kxb5 Na3+ 45. Ka4 Nc4 46. hxg5 Kxg5
47. b5 Kh4 48. Kb4 Nb6 49. Kc5 Na4+ 50. Kd4 Kg3 51. Ke5 h4 52. Kf5 Kf2 53. Kxf4
Kxe1 54. Kg4 Kf2 55. Kxh4 Kxg2 56. f4 Kf3 57. f5 Ke4 58. f6 Nb6 59. f7 Nd7 60.
b6 Ke5 61. b7 Ke6 62. f8=Q Nxf8 63. b8=Q Nd7 64. Qb5 Kd6 65. Kg5 Ne5 66. Kf5
Nc6 67. Ke4 Kc7 68. Kd5 Ne7+ 69. Ke6 Nc6 70. Qc5 Kb7 71. Kd6 Na7 72. Kd7 Ka8
73. Qb4 1-0

[Event "Int. Stuttgarter Stadtmeisterschaft B"]
[Site "Ditzingen"]
[Date "2014.05.30"]
[Round "4.14"]
[White "Hahn, Lilli"]
[Black "Gheng, Christian"]
[Result "1-0"]
[WhiteElo "1773"]
[BlackElo "1686"]
[PlyCount "94"]
[EventDate "2014.??.??"]
[WhiteTeam "SV Balingen"]
[BlackTeam "TSV Sch�naich"]

1. d4 Nf6 2. c4 e6 3. Nc3 Bb4 4. Qc2 c5 5. dxc5 Nc6 6. Nf3 Bxc5 7. e3 b6 8. a3
Bb7 9. Bd3 d5 10. cxd5 exd5 11. b4 Be7 12. Bb2 Rc8 13. Rd1 O-O 14. O-O Bd6 15.
Qb1 Ne7 16. Ne2 Ng6 17. Ned4 Ne4 18. Rc1 Rxc1 19. Qxc1 Ne5 20. Nxe5 Bxe5 21.
Nf3 Bxb2 22. Qxb2 Ng5 23. Nd4 Qf6 24. Qb1 h6 25. Rc1 Ne4 26. Qa2 Rc8 27. Rxc8+
Bxc8 28. f3 Qg5 29. f4 Qh4 30. Nf3 Qd8 31. Qc2 Bb7 32. Qa4 Qc8 33. Qc2 Qxc2 34.
Bxc2 Nc3 35. Nd4 Kf8 36. Kf2 g6 37. g4 Bc8 38. Kf3 Ne4 39. Bxe4 dxe4+ 40. Kxe4
Bxg4 41. Ke5 Kg7 42. b5 f6+ 43. Kd6 g5 44. fxg5 fxg5 45. e4 Bh3 46. e5 h5 47.
e6 Kf8 1-0

[Event "Int. Stuttgarter Stadtmeisterschaft B"]
[Site "Ditzingen"]
[Date "2014.05.30"]
[Round "4.15"]
[White "Tölg, Wolfgang"]
[Black "Kußmann, Alexander"]
[Result "0-1"]
[WhiteElo "1772"]
[BlackElo "1657"]
[PlyCount "72"]
[EventDate "2014.??.??"]
[WhiteTeam "SF Oeffingen e.V."]
[BlackTeam "SC Aidlingen"]

1. e4 c5 2. Nf3 e6 3. d4 cxd4 4. Nxd4 Bc5 5. c3 Qb6 6. Qc2 Nc6 7. Nxc6 bxc6 8.
b4 Bd6 9. Be3 c5 10. a4 Nf6 11. Na3 Be7 12. Nc4 Qc7 13. b5 Bb7 14. f3 d5 15.
exd5 Nxd5 16. Bf2 Bf6 17. Ra3 a6 18. Bg3 e5 19. Be2 axb5 20. axb5 Rxa3 21. Nxa3
Qa5 22. Nb1 O-O 23. Kf2 e4 24. Rc1 Bg5 25. f4 Nxf4 26. Bxf4 Bxf4 27. Rd1 Qc7
28. g3 e3+ 29. Kf1 Bxg3 30. hxg3 Qxg3 31. Bd3 Qh3+ 32. Ke1 Qh1+ 33. Bf1 Bf3 34.
Rd2 Qh4+ 35. Rf2 exf2+ 36. Kd2 Qf4+ 0-1

[Event "Int. Stuttgarter Stadtmeisterschaft B"]
[Site "Ditzingen"]
[Date "2014.05.30"]
[Round "4.16"]
[White "Günay, Nuri"]
[Black "Zimmermann, Tobias"]
[Result "1-0"]
[WhiteElo "1611"]
[BlackElo "1768"]
[PlyCount "57"]
[EventDate "2014.??.??"]
[WhiteTeam "SK Sachsenheim"]
[BlackTeam "SC Schachmatt Botnang"]

1. d4 d5 2. c4 e6 3. Nc3 Nf6 4. cxd5 exd5 5. Bg5 c6 6. Qc2 Be7 7. e3 Nbd7 8.
Bd3 O-O 9. Nf3 Re8 10. O-O h6 11. Bh4 b6 12. Rab1 Bb7 13. b4 Ne4 14. Bxe7 Qxe7
15. Nd2 f5 16. Rfe1 Qg5 17. Ne2 Ndf6 18. Nf3 Qh5 19. Nf4 Qf7 20. Ne5 Qc7 21. f3
Nd6 22. Bxf5 Bc8 23. Bg6 Re7 24. Qxc6 Qd8 25. Nxd5 Bb7 26. Nxe7+ Qxe7 27. Qc2
Ba6 28. Qb3+ Kf8 29. Be4 1-0

[Event "Int. Stuttgarter Stadtmeisterschaft B"]
[Site "Ditzingen"]
[Date "2014.05.30"]
[Round "4.17"]
[White "Reichardt, Bernd"]
[Black "Debeljak, Anton"]
[Result "1/2-1/2"]
[WhiteElo "1759"]
[BlackElo "1637"]
[PlyCount "111"]
[EventDate "2014.??.??"]
[WhiteTeam "SF Markgräflerland e."]

1. Nf3 Nf6 2. d4 e6 3. c4 b6 4. g3 Bb7 5. Bg2 Be7 6. O-O O-O 7. Nc3 d6 8. Bg5
Nbd7 9. Qc2 h6 10. Bd2 a6 11. Rad1 Nh7 12. e4 Rb8 13. Rfe1 Ng5 14. Nxg5 Bxg5
15. f4 Be7 16. e5 Bxg2 17. Kxg2 Qc8 18. exd6 Bxd6 19. Ne4 Qb7 20. Kf2 Rfc8 21.
b4 Be7 22. Bc3 Nf6 23. Nxf6+ Bxf6 24. d5 Bxc3 25. Qxc3 exd5 26. cxd5 Re8 27.
Rxe8+ Rxe8 28. Qc6 Qxc6 29. dxc6 Re6 30. Rc1 b5 31. h4 Kf8 32. Kf3 g6 33. g4 f6
34. f5 gxf5 35. gxf5 Rd6 36. Ke4 Kf7 37. a3 Rd2 38. Rg1 Rh2 39. Rd1 Rxh4+ 40.
Kf3 Rh3+ 41. Kg4 Rxa3 42. Rd7+ Ke8 43. Rxc7 Rc3 44. Kh5 Kd8 45. Rd7+ Kc8 46.
Rd6 Rc4 47. Rxf6 Rxb4 48. Rxh6 Kc7 49. Re6 Rf4 50. Kg5 Rf1 51. f6 b4 52. Re4 a5
53. Rf4 Rg1+ 54. Rg4 Rf1 55. Rf4 Rg1+ 56. Rg4 1/2-1/2

[Event "Int. Stuttgarter Stadtmeisterschaft B"]
[Site "Ditzingen"]
[Date "2014.05.30"]
[Round "4.18"]
[White "Petzelberger, Ferdinand"]
[Black "Mayer, Dietmar"]
[Result "1-0"]
[WhiteElo "1591"]
[BlackElo "1758"]
[PlyCount "67"]
[EventDate "2014.??.??"]
[WhiteTeam "VfL Sindelfingen"]
[BlackTeam "SC Böblingen 1975 e.V."]

1. e4 d5 2. exd5 Nf6 3. c4 c6 4. d4 cxd5 5. Nc3 Nc6 6. Nf3 Bg4 7. cxd5 Nxd5 8.
Qb3 Bxf3 9. gxf3 e6 10. Qxb7 Nxd4 11. Bb5+ Nxb5 12. Qc6+ Ke7 13. Qxb5 Qd7 14.
Qxd7+ Kxd7 15. Nxd5 exd5 16. Be3 Bb4+ 17. Ke2 Rhc8 18. Rac1 a5 19. Rhd1 Rxc1
20. Rxc1 Rc8 21. Rxc8 Kxc8 22. Bd2 Kd7 23. Bxb4 axb4 24. Kd3 Kc6 25. Kd4 g5 26.
a3 b3 27. Kc3 Kb5 28. Kxb3 d4 29. Kc2 h5 30. Kd3 Kc5 31. b4+ Kd5 32. a4 Ke5 33.
a5 Kf4 34. a6 1-0

[Event "Int. Stuttgarter Stadtmeisterschaft B"]
[Site "Ditzingen"]
[Date "2014.05.30"]
[Round "4.19"]
[White "Notz, Lukas"]
[Black "Bausch, Raimund"]
[Result "1-0"]
[WhiteElo "1743"]
[BlackElo "1608"]
[PlyCount "95"]
[EventDate "2014.??.??"]
[WhiteTeam "SV Dettingen Erms"]
[BlackTeam "Stuttgarter SF 1879"]

1. d4 d5 2. Nf3 Nf6 3. Bf4 e6 4. e3 c5 5. c3 Nc6 6. Nbd2 a6 7. Ne5 Nxe5 8. dxe5
Nd7 9. Bd3 g5 10. Bg3 h5 11. f4 Nb6 12. Nf3 Bh6 13. h4 g4 14. Ng5 Bd7 15. Bf2
Qe7 16. Qb3 Qd8 17. c4 dxc4 18. Bxc4 Nxc4 19. Qxc4 Qa5+ 20. Qc3 Qxc3+ 21. bxc3
Bb5 22. Ne4 Bf8 23. a4 Bd3 24. Nf6+ Kd8 25. O-O-O c4 26. Rxd3+ cxd3 27. Rd1 Kc7
28. e4 Be7 29. a5 Rac8 30. Bb6+ Kb8 31. Nd7+ Ka8 32. Rxd3 Rc6 33. Kb2 Bd8 34.
c4 Bxb6 35. Nxb6+ Ka7 36. Kb3 Rf8 37. Kb4 f6 38. exf6 Rxf6 39. Rd8 Rxb6+ 40.
axb6+ Kxb6 41. g3 Rh6 42. c5+ Kc7 43. Rd6 Rh8 44. Rxe6 Kd7 45. Rd6+ Ke7 46. e5
Rc8 47. Rh6 a5+ 48. Kc4 1-0

[Event "Int. Stuttgarter Stadtmeisterschaft B"]
[Site "Ditzingen"]
[Date "2014.05.30"]
[Round "4.20"]
[White "Sax, Leon"]
[Black "Hamm, Julian"]
[Result "1/2-1/2"]
[WhiteElo "1475"]
[BlackElo "1743"]
[PlyCount "81"]
[EventDate "2014.??.??"]
[WhiteTeam "SK Sachsenheim"]
[BlackTeam "Mönchfelder SV 1967"]

1. e4 e5 2. Bc4 Bc5 3. Nf3 d6 4. d3 Nf6 5. h3 Be6 6. Bxe6 fxe6 7. a3 O-O 8. b4
Bb6 9. Bb2 Qe7 10. c4 a6 11. Nbd2 Nc6 12. Nb3 Nh5 13. d4 Nf4 14. g3 Ng6 15. O-O
exd4 16. Nbxd4 Bxd4 17. Nxd4 Nxd4 18. Bxd4 e5 19. Be3 Kh8 20. c5 Qe6 21. Kg2
Rf6 22. Bg5 Rf7 23. cxd6 cxd6 24. Rc1 h6 25. Be3 Raf8 26. Qd3 Rf3 27. Qc4 Nh4+
28. Kh2 Qxc4 29. Rxc4 Rxe3 30. fxe3 Rxf1 31. gxh4 Re1 32. Rc3 Kg8 33. Kg2 Kf7
34. Kf2 Rh1 35. Kg2 Ra1 36. Rc7+ Kf6 37. Rxb7 Rxa3 38. Kf3 g6 39. Rh7 h5 40.
Rd7 Ke6 41. Rg7 1/2-1/2

[Event "Int. Stuttgarter Stadtmeisterschaft B"]
[Site "Ditzingen"]
[Date "2014.05.30"]
[Round "4.22"]
[White "Boschmann, Werner"]
[Black "Bauer, Dieter"]
[Result "0-1"]
[WhiteElo "1550"]
[BlackElo "1733"]
[PlyCount "58"]
[EventDate "2014.??.??"]
[WhiteTeam "SC Widdern"]
[BlackTeam "SF 47 Neckartenzlingen"]

1. e4 c5 2. c3 Nf6 3. e5 Nd5 4. d4 cxd4 5. cxd4 e6 6. Nc3 Nxc3 7. bxc3 d6 8.
Nf3 Nc6 9. Bb5 Bd7 10. Bxc6 Bxc6 11. O-O Be7 12. Re1 O-O 13. Bf4 Rc8 14. c4 d5
15. c5 b6 16. cxb6 Qxb6 17. Bg5 Ba3 18. Qd3 Qa5 19. Bd2 Qa4 20. Qb3 Rb8 21.
Qxa4 Bxa4 22. Re3 Bb2 23. Rae1 Rfc8 24. a3 Bc2 25. Bb4 Rb5 26. R1e2 a5 27. Ne1
axb4 28. axb4 Bxd4 29. Rxc2 Rxc2 0-1

[Event "Int. Stuttgarter Stadtmeisterschaft B"]
[Site "Ditzingen"]
[Date "2014.05.30"]
[Round "4.23"]
[White "Gheng, Dominik"]
[Black "Schmitz, Harald"]
[Result "1-0"]
[WhiteElo "1556"]
[BlackElo "1726"]
[PlyCount "121"]
[EventDate "2014.??.??"]
[WhiteTeam "Schach-Kids Bernhausen e.V."]
[BlackTeam "SC Aidlingen"]

1. e4 e6 2. d4 d5 3. Nd2 c5 4. exd5 exd5 5. dxc5 Bxc5 6. Ngf3 Nf6 7. Bd3 O-O 8.
O-O Re8 9. Nb3 Bd6 10. Bg5 h6 11. Bxf6 Qxf6 12. Bb5 Rd8 13. Qd4 Qxd4 14. Nbxd4
a6 15. Ba4 Bg4 16. h3 Bxf3 17. Nxf3 Nd7 18. Bb3 Nf6 19. Kh1 Bc5 20. Rad1 Rac8
21. Nd4 g6 22. f3 Re8 23. Rd2 Re3 24. Ne2 Rce8 25. Nf4 Re1 26. Rd1 Rxf1+ 27.
Rxf1 b6 28. Nxd5 Nxd5 29. Bxd5 Re2 30. Be4 a5 31. Rd1 Kg7 32. Rd7 Kf6 33. h4
Be3 34. Kh2 Bc5 35. Kh3 h5 36. Rc7 Kg7 37. b3 Re1 38. g3 Rh1+ 39. Kg2 Rg1+ 40.
Kh2 Re1 41. Bd3 Re7 42. Rxe7 Bxe7 43. Kh3 Bc5 44. g4 Kh6 45. Bc4 f6 46. Bf7 Kg7
47. Be8 hxg4+ 48. Kxg4 Be7 49. h5 g5 50. Kf5 Ba3 51. Ke4 Bc5 52. Kd5 f5 53. Ke5
f4 54. Kd5 Be3 55. c3 Bd2 56. Kc4 Be3 57. b4 axb4 58. cxb4 Kf8 59. Bc6 Ke7 60.
h6 Bc1 61. Kc3 1-0

[Event "Int. Stuttgarter Stadtmeisterschaft B"]
[Site "Ditzingen"]
[Date "2014.05.30"]
[Round "4.24"]
[White "Schwarz, Manuel"]
[Black "Triantafillidis, Zoe"]
[Result "1/2-1/2"]
[WhiteElo "1537"]
[BlackElo "1721"]
[PlyCount "88"]
[EventDate "2014.??.??"]
[WhiteTeam "SVG Vaihingen/Enz"]
[BlackTeam "SF HN-Biberach 1978 e.V."]

1. Nf3 Nc6 2. d4 d5 3. c4 Nf6 4. b3 Bf5 5. Bb2 e6 6. Nh4 Bxb1 7. Qxb1 Bb4+ 8.
Kd1 Ne4 9. Nf3 Nxf2+ 10. Kc2 Nxh1 11. a3 Nf2 12. axb4 Nxb4+ 13. Kc1 Qf6 14. Kd2
Ne4+ 15. Ke1 O-O 16. Qc1 Rfc8 17. Ra4 Nc6 18. e3 Ne7 19. Bd3 Qh6 20. h3 Nf5 21.
Ke2 c5 22. Qg1 Neg3+ 23. Kd2 cxd4 24. Nxd4 Nxe3 25. Qxe3 Qxe3+ 26. Kxe3 e5 27.
Nb5 d4+ 28. Kf3 Nh5 29. Be4 Rab8 30. Rxa7 Rd8 31. Bc1 Rd7 32. c5 Nf6 33. b4 Kf8
34. Bd2 h6 35. Nd6 Nxe4 36. Nxe4 Ke7 37. g4 f6 38. h4 Ke6 39. Ra1 g5 40. hxg5
hxg5 41. Kg2 Rg7 42. Ng3 Rh7 43. Kf3 Rbh8 44. b5 Rh2 1/2-1/2

[Event "Int. Stuttgarter Stadtmeisterschaft B"]
[Site "Ditzingen"]
[Date "2014.05.30"]
[Round "4.25"]
[White "Kusch, Jacek"]
[Black "Wurm, Frank"]
[Result "1-0"]
[WhiteElo "1720"]
[BlackElo "1593"]
[PlyCount "87"]
[EventDate "2014.??.??"]
[WhiteTeam "SV Urach"]
[BlackTeam "SF Simmersfeld"]

1. e4 e5 2. Nf3 Nf6 3. Bc4 d6 4. Nc3 Nc6 5. d4 Bg4 6. dxe5 Nxe5 7. Be2 Nxf3+ 8.
Bxf3 Bxf3 9. Qxf3 c6 10. Bg5 Be7 11. O-O-O Qc7 12. Rhe1 O-O 13. Bf4 Nd7 14. Qg3
Ne5 15. Bh6 Ng6 16. Bf4 Nxf4 17. Qxf4 f6 18. h4 Rad8 19. g4 Qa5 20. Rh1 Qe5 21.
Qe3 Qc5 22. Qg3 b5 23. f4 h6 24. g5 fxg5 25. hxg5 hxg5 26. Qh3 Rxf4 27. Qe6+
Rf7 28. Rh8+ Kxh8 29. Qxf7 Qe3+ 30. Kb1 Qh3 31. Qxe7 Rd7 32. Qxg5 Rf7 33. Qd8+
Kh7 34. Qxd6 g5 35. a3 g4 36. e5 g3 37. Qd3+ Kg7 38. Ne4 Qg4 39. Qxg3 Qxg3 40.
Nxg3 Rc7 41. Rd6 Kf7 42. Nf5 c5 43. e6+ Kf6 44. e7+ 1-0

[Event "Int. Stuttgarter Stadtmeisterschaft B"]
[Site "Ditzingen"]
[Date "2014.05.30"]
[Round "4.26"]
[White "Koeller, Horst"]
[Black "Schmidt, Heiko"]
[Result "0-1"]
[WhiteElo "1718"]
[BlackElo "1578"]
[PlyCount "82"]
[EventDate "2014.??.??"]
[BlackTeam "SC Stetten a.d.F."]

1. e4 b6 2. d4 Bb7 3. Bd3 Nf6 4. Qe2 e6 5. f4 d6 6. Nf3 Nc6 7. c3 Ne7 8. O-O
Nd7 9. f5 e5 10. dxe5 dxe5 11. Rd1 Nc6 12. Be3 Bd6 13. Nbd2 Qe7 14. b4 O-O 15.
Nf1 Rfe8 16. g4 Qf8 17. Ng3 Nf6 18. h3 g6 19. g5 gxf5 20. Nxf5 Nh5 21. Nxd6
cxd6 22. Kh2 Ng7 23. Nh4 Ne7 24. Rg1 Ng6 25. Nf5 Ne6 26. Qg4 Ngf4 27. Bc2 Rac8
28. Bxf4 Nxf4 29. Rg3 Kh8 30. Re1 Rc7 31. Bb3 Rd8 32. h4 Bc8 33. Qf3 Qe8 34. a4
Be6 35. Bxe6 Qxe6 36. h5 Qa2+ 37. Kh1 Qxa4 38. g6 fxg6 39. hxg6 hxg6 40. Rg4
gxf5 41. Qf2 fxg4 0-1

[Event "Int. Stuttgarter Stadtmeisterschaft B"]
[Site "Ditzingen"]
[Date "2014.05.30"]
[Round "4.27"]
[White "Malitte, Matthias"]
[Black "Vogel, Karlheinz"]
[Result "0-1"]
[WhiteElo "1425"]
[BlackElo "1706"]
[PlyCount "64"]
[EventDate "2014.??.??"]
[WhiteTeam "SV Leonberg 1978 eV"]
[BlackTeam "SV 23 Böckingen"]

1. Nf3 f5 2. d3 Nf6 3. Nc3 d6 4. e4 e5 5. Be2 Be7 6. Nh4 Nxe4 7. Bh5+ Kf8 8.
dxe4 Bxh4 9. exf5 Nc6 10. g3 Bf6 11. Qd5 Qe7 12. Qe4 Nd4 13. Nd5 Bxf5 14. Qxf5
Nxf5 15. Nxe7 Kxe7 16. c3 g6 17. Bf3 c6 18. g4 Nh4 19. Be4 d5 20. Bc2 Nf3+ 21.
Ke2 e4 22. Be3 Be5 23. h4 Ke6 24. Bd1 Rhf8 25. Bh6 Rf7 26. Kf1 Bd6 27. Bxf3
Rxf3 28. Be3 b6 29. h5 Raf8 30. Ke2 Bc5 31. Bxc5 bxc5 32. Raf1 g5 0-1

[Event "Int. Stuttgarter Stadtmeisterschaft B"]
[Site "Ditzingen"]
[Date "2014.05.30"]
[Round "4.28"]
[White "Domingos, Antonio"]
[Black "Lechler, Walter"]
[Result "0-1"]
[WhiteElo "1690"]
[BlackElo "1561"]
[PlyCount "77"]
[EventDate "2014.??.??"]
[WhiteTeam "SF Oeffingen e.V."]
[BlackTeam "SK Dinkelsbühl e.V."]

1. e4 c5 2. Nf3 d6 3. d4 cxd4 4. Nxd4 Nf6 5. Nc3 g6 6. f3 Bg7 7. Be3 O-O 8. Qd2
Nc6 9. g4 Qa5 10. h4 h5 11. gxh5 Nxh5 12. Nxc6 bxc6 13. Bd4 Bxd4 14. Qxd4 Be6
15. Rg1 Qb6 16. O-O-O Qxd4 17. Rxd4 a5 18. Ra4 Rfb8 19. Rg5 c5 20. Bb5 Rb6 21.
Kd2 Kg7 22. Ke3 f6 23. Rg1 Kf7 24. f4 Ng7 25. b3 f5 26. e5 d5 27. Nxd5 Bxd5 28.
c4 Bc6 29. Bxc6 Rxc6 30. Rd1 Rc7 31. Rd5 Ne8 32. Kd3 e6 33. Rd6 Nxd6 34. exd6
Rd7 35. a3 Rxd6+ 36. Ke3 Rb6 37. Ke2 Kf6 38. Kf3 e5 39. Ke3 0-1